<?xml version="1.0" encoding="UTF-8"?><OAI-PMH xmlns="http://www.openarchives.org/OAI/2.0/" xmlns:xsi="http://www.w3.org/2001/XMLSchema-instance"     xsi:schemaLocation="http://www.openarchives.org/OAI/2.0/ http://www.openarchives.org/OAI/2.0/OAI-PMH.xsd"><responseDate>2026-06-01T19:17:37Z</responseDate><request verb="GetRecord" identifier="oai:regmurcia.com:fintegr.254" metadataPrefix="marc21">http://oai.regmurcia.com/oai2/oai2.php</request><GetRecord><record><header><identifier>oai:regmurcia.com:fintegr.254</identifier><datestamp>2026-06-01</datestamp><setSpec>documentos</setSpec></header><metadata><record  xmlns="http://www.loc.gov/MARC21/slim" xmlns:xsi="http://www.w3.org/2001/XMLSchema-instance" xsi:schemaLocation="http://www.loc.gov/MARC21/slim http://www.loc.gov/standards/marcxml/schema/MARC21slim.xsd" type="Bibliographic"><leader>00000nam a2200000   4500</leader><controlfield tag="001" >005122637</controlfield><controlfield tag="003" >254</controlfield><controlfield tag="004" >A00000000</controlfield><datafield tag="245" ind1=" " ind2=" "><subfield code="a">Carta misiva de Enrique IV al corregidor de Murcia, mandándole que ayude a cobrar el dinero que debe el arrendador Juan de Córdoba.</subfield></datafield><datafield tag="300" ind1=" " ind2=" "><subfield code="c">175 x 217 mm.</subfield></datafield><datafield tag="351" ind1=" " ind2=" "><subfield code="a">Unidad Documental</subfield><subfield code="c">Archivo de Murcia. Array</subfield><subfield code="a">Unidad Documental</subfield><subfield code="c">Archivo de Murcia. Array</subfield></datafield><datafield tag="351" ind1=" " ind2=" "><subfield code="b">Nº 121</subfield></datafield><datafield tag="505" ind1=" " ind2=" "><subfield code="a">/codom/18/018.pdf</subfield></datafield><datafield tag="506" ind1=" " ind2=" "><subfield code="a">Acceso restringido</subfield></datafield><datafield tag="510" ind1=" " ind2=" "><subfield code="a">Pub. MOLINA GRANDE, Mª C. Documentos de Enrique IV. Murcia: . Academia Alfonso X El Sabio, 1988, p.24</subfield></datafield><datafield tag="520" ind1=" " ind2=" "><subfield code="a">Enrique IV manda a Alfonso de Almaraz, corregidor de Murcia, que ponga los medios necesarios para que Juan de Córdoba, recaudador de la  mitad del partido de la madera de Sevilla,  pague el dinero que debe a Juan de Saavedra y a la villa de Castelar.</subfield></datafield><datafield tag="583" ind1=" " ind2=" "><subfield code="u">http://www.regmurcia.com/servlet/s.Sl?METHOD=VERDOCUMENTO&amp;sit=serv,Carmesi&amp;n=/01/851/indice.djvu</subfield></datafield><datafield tag="592" ind1=" " ind2=" "><subfield code="a">1455-05-17</subfield></datafield><datafield tag="592" ind1=" " ind2=" "><subfield code="d">1455-05-17 00:00:00</subfield></datafield><datafield tag="651" ind1=" " ind2=" "><subfield code="a">Real de Málaga</subfield></datafield><datafield tag="786" ind1=" " ind2=" "><subfield code="o">http://www.regmurcia.com/servlet/s.Sl?METHOD=VERDOCUMENTO&amp;sit=serv,Carmesi&amp;n=/01/851/indice.djvu</subfield></datafield><datafield tag="856" ind1=" " ind2=" "><subfield code="u">http://www.regmurcia.com/servlet/s.Sl?METHOD=DETALLE&amp;sit=c,373,m,139,serv,Carmesi&amp;id=254</subfield></datafield></record></metadata></record></GetRecord></OAI-PMH>
